| 000 | 00603nam a22001937a 4500 | ||
|---|---|---|---|
| 005 | 20180621144027.0 | ||
| 010 | _aENG-123234 | ||
| 020 | _c650.00 | ||
| 035 | _aEN-106766 | ||
| 037 | _bDBAD/PUB | ||
| 082 | _a523.1 | ||
| 100 | _aGupta, Guri Shankar | ||
| 245 |
_aUnraveling mysteries of life: _cby Gauri Shankar Gupta _bmodern science and ancient wisdom/ |
||
| 260 |
_aNew Delhi _bStar Publications _c2012 |
||
| 270 |
_a4/5B, asaf ali road, _bNew Delhi _e110002 |
||
| 300 |
_a445p. _c22cm(Hb) |
||
| 500 | _ait includes bibliographical references | ||
| 942 |
_2ddc _cEN _mGUP _h523.1 |
||
| 999 |
_c152726 _d152726 |
||